Inter Milan Current Squad (24/25) - Statistics

General Stats
  • This quiz has been taken 68 times
    56 since last reset
  • The average score is 15 of 26
Answer Stats
Answer % Correct
Josep Martínez
81%
Alessandro Bastoni
78%
Lautaro Martínez
70%
Yann Sommer
70%
Hakan Çalhanoğlu
68%
Mehdi Taremi
68%
Denzel Dumfries
65%
Marcus Thuram
65%
Federico Dimarco
62%
Benjamin Pavard
59%
Marko Arnautovic
59%
Francesso Acerbi
57%
Nicolò Barella
57%
Carlos Augusto
54%
Henrikh Mkhitaryan
54%
Joaquín Correa
54%
Matteo Darmian
54%
Piotr Zieliński
54%
Davide Frattesi
51%
Kristjan Asllani
51%
Nicola Zalewski
51%
Simone Inzaghi
51%
Stefan de Vrji
49%
Yann Bisseck
49%
Raffaele Di Gennaro
41%
Valentín Carboni
22%
No matching quizzes found
Score Distribution
Percent of People with Each Score
Percentile by Number Answered
Your Score History
You have not taken this quiz since the last reset